00501nam a2200121Ia 4500008004100000020001800041100002200059245006500081260002700146650001200173650015000185856004400335171212s9999 xx 000 0 und d a9780833058508 aJohnson, David E. cJohnson, David E.aHard FightingbIsrael in Lebanon and Gaza bRAND Corporationc2011 aHistory aIsrael. Tseva haganah le-Yisra’el; Asymmetric warfare -- Case studies; Lebanon War, 2006; Gaza War, 2008-2009; United States -- Military policy uwww.jstor.org/stable/10.7249/mg1085a-af